Nhập môn các phương pháp tối ưu
Sách giới thiệu những phương pháp cơ bản nhất để tìm cực trị của một hàm thực dưới những điều kiện nhất định: tập nghiệm của một hệ bất đẳng thức và / hoặc đẳng thức
Gorde:
| Egile nagusia: | |
|---|---|
| Formatua: | Liburua |
| Hizkuntza: | Undetermined |
| Argitaratua: |
Hà Nội
Khoa học và Kỹ thuật
1998
|
| Gaiak: | |
| Etiketak: |
Etiketa erantsi
Etiketarik gabe, Izan zaitez lehena erregistro honi etiketa jartzen!
|
| Thư viện lưu trữ: | Trung tâm Học liệu Trường Đại học Cần Thơ |
|---|
| LEADER | 00922nam a2200205Ia 4500 | ||
|---|---|---|---|
| 001 | CTU_27976 | ||
| 008 | 210402s9999 xx 000 0 und d | ||
| 020 | |c 11500 | ||
| 082 | |a 515.55 | ||
| 082 | |b M656 | ||
| 100 | |a Lê, Dũng Mưu | ||
| 245 | 0 | |a Nhập môn các phương pháp tối ưu | |
| 245 | 0 | |c Lê Dũng Mưu | |
| 260 | |a Hà Nội | ||
| 260 | |b Khoa học và Kỹ thuật | ||
| 260 | |c 1998 | ||
| 520 | |a Sách giới thiệu những phương pháp cơ bản nhất để tìm cực trị của một hàm thực dưới những điều kiện nhất định: tập nghiệm của một hệ bất đẳng thức và / hoặc đẳng thức | ||
| 650 | |a Lagrangian functions,Mathematical analysis,Mathematical optimization,Maxima and minima | ||
| 904 | |i Minh, Hải | ||
| 980 | |a Trung tâm Học liệu Trường Đại học Cần Thơ | ||